000 01172nam a2200337 i 4500
003 OSt
005 20210818181708.0
008 001213s1999 sp a jr 00011dspa d
020 _a8437223539
040 _bspa
_aCOMFC
_erda
041 1 _aspa
_heng
100 1 _aAnholt, Laurence.
_eaut
245 1 3 _aEl lobito caperucito
_cEscrito por Laurence Anholt ; traducción Carlo Frabetti ; ilustración Arthur Robins
250 _aEditora Elena Fernández-Arias Almagro.
264 0 1 _aMadrid
_bAltea
_c1999
300 _a63 páginas
_bilustraciones
_c20 cm
336 _2rdacontent
_atxt
337 _2rdamedia
_an
338 _2rdacarrier
_anc
490 _aHistorias increíbles
500 _aAl pie de la caratula : Historias de siempre contadas como nunca.
534 _pTítulo original.
_tLittle red riding wolf.
700 1 _aFrabetti, Carlo,
_d1945-,
_etrl
700 1 _aRobins, Arthur,
_eill
700 1 _aFernández-Arias Almagro, Elena,
_eedt
082 0 4 _a823.8
_bAN596l
650 _aCuentos infantiles ingleses.
650 _aLobos
_aCuentos infantiles.
942 _2ddc
_h823.8 AN596l
_k823.8
_mAN596l
949 _a
999 _c11983
_d11983